[Event "1st league of Central Serbia, V.Banja"]
[Site "?"]
[Date "2006.10.29"]
[Round "11.2"]
[White "Tosic, Miroslav"]
[Black "Savicevic, Vlatko"]
[Result "1/2-1/2"]
[WhiteElo "2442"]
[BlackElo "2331"]
[PlyCount "29"]
[EventDate "2006.10.30"]
[SourceDate "2006.10.30"]

1. d4 d5 2. e3 Nf6 3. Bd3 c5 4. c3 Nbd7 5. f4 g6 6. Nf3 Bg7 7. O-O O-O 8. Nbd2
e6 9. Qe1 b6 10. Ne5 Bb7 11. Rf3 Ne4 12. Rh3 Nxe5 13. dxe5 f5 14. Nf3 Qe7 15.
b4 1/2-1/2

[Event "1st league of Central Serbia, V.Banja"]
[Site "?"]
[Date "2006.10.29"]
[Round "11.3"]
[White "Simic, Dragisa"]
[Black "Maksimovic, Branimir"]
[Result "1-0"]
[WhiteElo "2332"]
[BlackElo "2385"]
[PlyCount "89"]
[EventDate "2006.10.30"]
[SourceDate "2006.10.30"]

1. e4 e6 2. d4 d5 3. exd5 exd5 4. Nf3 Nf6 5. Bd3 c5 6. O-O c4 7. Re1+ Be7 8.
Bf1 O-O 9. Bg5 Nc6 10. Nbd2 Bg4 11. h3 Bh5 12. c3 b5 13. g4 Bg6 14. Ne5 Nxe5
15. Rxe5 Re8 16. Qe1 Bd6 17. Re3 h6 18. Bxf6 Rxe3 19. Bxd8 Rxe1 20. Rxe1 Rxd8
21. Bg2 Bf4 22. Nf1 Kf8 23. Ne3 Be4 24. Bxe4 dxe4 25. Ng2 Bd2 26. Rxe4 Re8 27.
Rxe8+ Kxe8 28. Ne3 a5 29. Kg2 Bc1 30. Nd1 g6 31. Kf3 f5 32. gxf5 gxf5 33. Ke2
Kd7 34. b3 cxb3 35. axb3 a4 36. bxa4 bxa4 37. c4 a3 38. Nc3 Bg5 39. Kd3 Bh4 40.
f3 Kc6 41. c5 Kb7 42. Kc4 Kc6 43. Kb3 Bf2 44. Ne2 Kb5 45. Kxa3 1-0

[Event "1st league of Central Serbia, V.Banja"]
[Site "?"]
[Date "2006.10.29"]
[Round "11.4"]
[White "Miljkovic, Miroslav"]
[Black "Pavlovic, Dejan"]
[Result "1-0"]
[WhiteElo "2399"]
[BlackElo "2336"]
[PlyCount "97"]
[EventDate "2006.10.30"]
[SourceDate "2006.10.30"]

1. d4 Nf6 2. c4 g6 3. Nc3 Bg7 4. e4 d6 5. h3 O-O 6. Bg5 c5 7. d5 h6 8. Be3 b5
9. cxb5 Qa5 10. Bd2 Nbd7 11. Nf3 a6 12. a4 axb5 13. Bxb5 Ba6 14. O-O Rfb8 15.
Re1 Bxb5 16. Nxb5 Qd8 17. Bc3 Nb6 18. b3 Qd7 19. Nd2 Nh5 20. Bxg7 Kxg7 21. Qc2
Nf4 22. Nc4 f6 23. Rad1 Qd8 24. Kh2 Nxc4 25. Qxc4 Qd7 26. Qc3 g5 27. Qf3 h5 28.
Ra1 Rb7 29. Rac1 Rab8 30. Rc3 Rxb5 31. axb5 Rxb5 32. Ra1 h4 33. Qd1 Qb7 34. Ra4
Qd7 35. Re3 Rb7 36. Ra8 Ra7 37. Rxa7 Qxa7 38. Qg4 Qa2 39. Rf3 Qd2 40. Rxf4
Qxf4+ 41. Qxf4 gxf4 42. g3 f5 43. exf5 Kf6 44. gxh4 Kxf5 45. h5 e5 46. dxe6
Kxe6 47. Kg2 d5 48. Kf3 Kf5 49. h6 1-0

[Event "1st league of Central Serbia, V.Banja"]
[Site "?"]
[Date "2006.10.29"]
[Round "11.5"]
[White "Adzic, Momcilo"]
[Black "Perunovic, Miodrag"]
[Result "0-1"]
[WhiteElo "2238"]
[BlackElo "2376"]
[PlyCount "84"]
[EventDate "2006.10.30"]
[SourceDate "2006.10.30"]

1. e4 e6 2. d4 d5 3. Nd2 Nf6 4. e5 Nfd7 5. Bd3 c5 6. c3 Nc6 7. Ne2 cxd4 8. cxd4
f6 9. exf6 Nxf6 10. O-O Bd6 11. Nf3 Qc7 12. Bg5 O-O 13. Bh4 Nh5 14. Bg3 Nxg3
15. hxg3 g6 16. a3 Qg7 17. Qd2 Bd7 18. b4 a6 19. Rfe1 e5 20. dxe5 Nxe5 21. Ned4
Rae8 22. Rac1 Ng4 23. Qa2 Nf6 24. Bc2 Qh6 25. Bb3 Qh5 26. Rxe8 Rxe8 27. Re1 Rc8
28. Qb2 Re8 29. Rxe8+ Bxe8 30. Ne6 Qf5 31. Ned4 Qe4 32. Bc2 Qe7 33. Bb3 Bf7 34.
Qd2 Ne4 35. Qd3 Qf6 36. Qe3 Kg7 37. Bc2 Qe7 38. Qd3 Bc7 39. Bb3 Qf6 40. Qe3 Bb6
41. Qd3 h5 42. Bc2 g5 0-1

[Event "1st league of Central Serbia, V.Banja"]
[Site "?"]
[Date "2006.10.29"]
[Round "11.6"]
[White "Miljkovic, Mihajlo"]
[Black "Draskovic, Dragan"]
[Result "1/2-1/2"]
[WhiteElo "2280"]
[BlackElo "2143"]
[PlyCount "108"]
[EventDate "2006.10.30"]
[SourceDate "2006.10.30"]

1. d4 Nf6 2. c4 g6 3. Nc3 d5 4. cxd5 Nxd5 5. e4 Nxc3 6. bxc3 Bg7 7. Bc4 c5 8.
Ne2 Nc6 9. Be3 O-O 10. O-O cxd4 11. cxd4 Bg4 12. f3 Na5 13. Bd3 Be6 14. Rc1 b6
15. Qd2 Rc8 16. d5 Rxc1 17. Rxc1 Bd7 18. Ba6 f5 19. Bd4 e5 20. Be3 f4 21. Bf2
g5 22. Qc3 g4 23. Kh1 Qe8 24. Qc7 gxf3 25. gxf3 Qh5 26. Qxd7 Qxf3+ 27. Kg1 Qxe4
28. Qe6+ Kh8 29. Rc8 Qb1+ 30. Nc1 Qg6+ 31. Qxg6 hxg6 32. Rxf8+ Bxf8 33. Ne2 Bb4
34. Kg2 Kg7 35. Kf3 Kf6 36. Ke4 b5 37. Bxb5 Nb7 38. Bd3 Nd6+ 39. Kf3 a5 40. Bb6
Nf7 41. Nc1 a4 42. Bc2 Bd2 43. Nd3 e4+ 44. Kxe4 Ng5+ 45. Kd4 Be3+ 46. Kc4 Bxb6
47. Nxf4 Bc7 48. Nxg6 Bxh2 49. Nf8 a3 50. Nd7+ Ke7 51. Nb6 Nf7 52. Kb4 Bf4 53.
Nc4 Nd6 54. Nxd6 Kxd6 1/2-1/2

[Event "1st league of Central Serbia, V.Banja"]
[Site "?"]
[Date "2006.10.29"]
[Round "11.1"]
[White "Cabarkapa, Miomir"]
[Black "Ristic, Nenad"]
[Result "0-1"]
[WhiteElo "2214"]
[BlackElo "2441"]
[PlyCount "78"]
[EventDate "2006.10.30"]
[SourceDate "2006.10.30"]

1. e4 c5 2. Nf3 d6 3. d4 cxd4 4. Nxd4 Nf6 5. Nc3 g6 6. Bc4 Bg7 7. f3 O-O 8. Be3
Nc6 9. Qd2 Bd7 10. Bb3 Rc8 11. O-O-O Nxd4 12. Bxd4 b5 13. Kb1 a5 14. a3 b4 15.
axb4 axb4 16. Na2 Be6 17. Bxe6 fxe6 18. Nxb4 Rc4 19. c3 Qa5 20. Qc2 Rfc8 21.
Qb3 Qb5 22. Qa2 Kf7 23. Rhe1 Nd7 24. Bxg7 Kxg7 25. Re3 Ne5 26. h3 g5 27. Nc2
Qb7 28. Nd4 Kh8 29. Kc2 Rb4 30. b3 Ra8 31. Qxa8+ Qxa8 32. cxb4 Qa2+ 33. Kc3
Qxg2 34. Rd2 Qxh3 35. Ra2 g4 36. Ra8+ Kg7 37. Nxe6+ Kh6 38. Rh8 Qf1 39. b5 Qc1+
0-1

[Event "1st league of Central Serbia, V.Banja"]
[Site "?"]
[Date "2006.10.29"]
[Round "11.2"]
[White "Ristic, Nebojsa"]
[Black "Jovcic, Zoran"]
[Result "1-0"]
[WhiteElo "2367"]
[BlackElo "2172"]
[PlyCount "123"]
[EventDate "2006.10.30"]
[SourceDate "2006.10.30"]

1. d4 Nf6 2. Nf3 e6 3. c4 d5 4. Nc3 Be7 5. Bg5 O-O 6. e3 Nbd7 7. Qc2 a6 8. cxd5
exd5 9. Bd3 h6 10. Bh4 Re8 11. O-O c6 12. Bg3 Nf8 13. Rab1 Nh5 14. Be5 Bd6 15.
b4 Qe7 16. Bxd6 Qxd6 17. a4 Ng6 18. Bxg6 fxg6 19. Rb3 Bf5 20. Qd2 Nf6 21. Ne5
g5 22. f3 Re7 23. g4 Bh7 24. Ne2 Nd7 25. Nxd7 Qxd7 26. Ng3 Rf8 27. b5 axb5 28.
axb5 Bg6 29. bxc6 bxc6 30. Rc3 Rf6 31. Kg2 Qd8 32. h3 Rb7 33. Rf2 Qf8 34. e4
dxe4 35. fxe4 Rxf2+ 36. Qxf2 Qd8 37. e5 Qb8 38. Nf5 Bf7 39. Ne3 Rb2 40. Rc2
Rxc2 41. Qxc2 Qb5 42. Kg3 Be6 43. Nf5 Kf8 44. Nd6 Qb3+ 45. Qxb3 Bxb3 46. Nf5
Kf7 47. Kf2 g6 48. Ne3 Ke6 49. Kf3 Ba2 50. Ke2 Bb3 51. Kd2 Ba2 52. Kc3 Bb1 53.
Kc4 Be4 54. Kc5 Bf3 55. Nc4 Bg2 56. Na5 Bxh3 57. Nxc6 Bxg4 58. d5+ Kd7 59. Nd4
h5 60. e6+ Kd8 61. d6 h4 62. Nc6+ 1-0

[Event "1st league of Central Serbia, V.Banja"]
[Site "?"]
[Date "2006.10.29"]
[Round "11.4"]
[White "Stankovic, Dragan"]
[Black "Gajic, Branko"]
[Result "0-1"]
[WhiteElo "2334"]
[BlackElo "2171"]
[PlyCount "48"]
[EventDate "2006.10.30"]
[SourceDate "2006.10.30"]

1. g3 d5 2. Bg2 c6 3. d3 Nf6 4. Nd2 Bg4 5. h3 Bh5 6. g4 Bg6 7. f4 e6 8. e4 dxe4
9. dxe4 Bc5 10. Qe2 h6 11. Ngf3 Nbd7 12. f5 Bh7 13. fxe6 fxe6 14. Qc4 Qe7 15.
c3 O-O-O 16. b4 Bb6 17. Qe2 Rhf8 18. Rf1 Bc7 19. Qe3 Qd6 20. Nd4 Qh2 21. Nxc6
Qxg2 22. Rg1 Qh2 23. Nxd8 Rxd8 24. Kd1 Bb6 0-1

[Event "1st league of Central Serbia, V.Banja"]
[Site "?"]
[Date "2006.10.29"]
[Round "11.5"]
[White "Dragasevic, Dragan"]
[Black "Djoric, Dusan"]
[Result "0-1"]
[WhiteElo "2149"]
[BlackElo "2309"]
[Annotator ",Boban"]
[PlyCount "102"]
[EventDate "2006.10.30"]
[SourceDate "2006.10.30"]

1. d4 d5 2. f4 Bf5 3. Nf3 e6 4. e3 Nf6 5. c4 dxc4 6. Bxc4 Bb4+ 7. Bd2 Bxd2+ 8.
Nbxd2 Nbd7 9. O-O c5 10. dxc5 Nxc5 11. Bb5+ Ncd7 12. Nd4 Bg6 13. Qb3 O-O 14.
Rac1 Nb6 15. Rfd1 Nbd5 16. Bc4 Nxf4 17. Qxb7 N4d5 18. N2f3 Qb8 19. Qb3 Qxb3 20.
Bxb3 Nxe3 21. Re1 Ned5 22. Ne5 a5 23. Nxg6 hxg6 24. Re2 a4 25. Bc4 Rfc8 26. b3
axb3 27. axb3 Nb6 28. Rec2 Nfd5 29. Kf2 Nb4 30. Rd2 Ra2 31. Ke2 Rxd2+ 32. Kxd2
Rd8 33. Ke3 N6d5+ 34. Kf3 Kf8 35. h3 g5 36. g3 Nf6 37. Ke3 g4 38. h4 Nbd5+ 39.
Kf2 e5 40. Ne2 Ne4+ 41. Ke1 Nb4 42. Rb1 g6 43. Rb2 Ke7 44. Kf1 Rd1+ 45. Kg2 f5
46. Bg8 Kf6 47. Bc4 g5 48. h5 f4 49. Ng1 Nxg3 50. h6 Kg6 51. Be6 Kxh6 {
...Necitko} 0-1

[Event "1st league of Central Serbia, V.Banja"]
[Site "?"]
[Date "2006.10.29"]
[Round "11.6"]
[White "Vulicevic, Novica"]
[Black "Jocovic, Slobodan"]
[Result "1/2-1/2"]
[WhiteElo "2210"]
[BlackElo "2252"]
[PlyCount "73"]
[EventDate "2006.10.30"]
[SourceDate "2006.10.30"]

1. Nf3 d5 2. c4 c6 3. b3 Nf6 4. Bb2 Bf5 5. g3 Nbd7 6. Bg2 e6 7. O-O Be7 8. d3
h6 9. Nbd2 O-O 10. Qc1 a5 11. a3 c5 12. Re1 Bh7 13. cxd5 exd5 14. Ne5 Nxe5 15.
Bxe5 Rc8 16. Qb2 Bf5 17. e4 dxe4 18. dxe4 Be6 19. Nc4 Rc6 20. a4 Bxc4 21. bxc4
Rb6 22. Qc2 Qc8 23. Bc3 Rb4 24. e5 Nh7 25. Bxb4 cxb4 26. f4 Bc5+ 27. Kh1 Re8
28. Rad1 Nf8 29. f5 Qc7 30. Qe4 Re7 31. e6 fxe6 32. fxe6 Nh7 33. Qg6 Ng5 34.
Rd7 Qxd7 35. h4 Qd2 36. Rf1 Qe3 37. hxg5 1/2-1/2

[Event "1st league of Central Serbia, V.Banja"]
[Site "?"]
[Date "2006.10.29"]
[Round "11.1"]
[White "Sredojevic, Ivan"]
[Black "Dochev, Dimitar"]
[Result "0-1"]
[WhiteElo "2349"]
[BlackElo "2387"]
[PlyCount "68"]
[EventDate "2006.10.30"]
[SourceDate "2006.10.30"]

1. e4 e6 2. Nf3 d5 3. Nc3 Nf6 4. e5 Nfd7 5. d4 c5 6. Ne2 Nc6 7. c3 Qb6 8. Nf4
cxd4 9. Nd3 dxc3 10. bxc3 Qc7 11. Bf4 Na5 12. Rc1 Ba3 13. Rc2 Nb6 14. Nd4 Bd7
15. Nb3 Nbc4 16. Nb4 Ba4 17. Qb1 Qb6 18. Bxc4 Nxc4 19. Nd3 Na5 20. Be3 Qb5 21.
Bc5 Qxd3 22. Bxa3 Qe4+ 23. Kf1 Bb5+ 24. Kg1 Nxb3 25. f3 Qxe5 26. Kf2 Qc7 27.
axb3 Bd3 28. Qd1 Qb6+ 29. Kg3 Bxc2 30. Qxc2 Rc8 31. Rc1 h5 32. h4 Rh6 33. Kh3
Rg6 34. Qd3 Qf2 0-1

[Event "1st league of Central Serbia, V.Banja"]
[Site "?"]
[Date "2006.10.29"]
[Round "11.2"]
[White "Trifunovic, Miroljub"]
[Black "Rabrenovic, Vladan"]
[Result "1-0"]
[WhiteElo "2247"]
[BlackElo "2320"]
[PlyCount "114"]
[EventDate "2006.10.30"]
[SourceDate "2006.10.30"]

1. d4 d6 2. e4 Nf6 3. Bd3 e5 4. c3 g6 5. Ne2 Bg7 6. O-O O-O 7. f4 exf4 8. Bxf4
Nh5 9. Be3 Qe7 10. Qd2 c5 11. Bh6 Nc6 12. Bxg7 Kxg7 13. Na3 Bg4 14. Nc2 Bxe2
15. Qxe2 Nf6 16. Rf4 d5 17. exd5 Qxe2 18. Bxe2 Nxd5 19. Rh4 g5 20. Rg4 Nf4 21.
Bf1 h6 22. dxc5 Rad8 23. Nd4 Nxd4 24. cxd4 Rxd4 25. Rg3 Re8 26. Ra3 Ne2+ 27.
Kh1 Rd2 28. b4 a6 29. Rf3 Kg6 30. Rf2 Ng3+ 31. Kg1 Rxf2 32. Kxf2 Nxf1 33. Rxf1
Re4 34. Rb1 Rc4 35. Rb2 Kf5 36. h3 Ke5 37. a3 f5 38. a4 Kd5 39. Ke3 Rc3+ 40.
Kf2 Kc4 41. b5 Kxc5 42. bxa6 bxa6 43. a5 Kd5 44. Rb8 Rc5 45. Rh8 Rc6 46. Rf8
Ke5 47. Re8+ Re6 48. Rc8 h5 49. Rc5+ Ke4 50. Rc4+ Ke5 51. Rc7 Kf6 52. Rc8 h4
53. Rf8+ Ke5 54. Rg8 Kf4 55. Rc8 Rd6 56. Rc4+ Ke5 57. Rc8 Rd5 1-0

[Event "1st league of Central Serbia, V.Banja"]
[Site "?"]
[Date "2006.10.29"]
[Round "11.3"]
[White "Colovic, Dusan"]
[Black "Ljubisavljevic, Zivojin. Z"]
[Result "1-0"]
[WhiteElo "2357"]
[BlackElo "2290"]
[PlyCount "215"]
[EventDate "2006.10.30"]
[SourceDate "2006.10.30"]

1. d4 Nf6 2. Nc3 d5 3. Nf3 g6 4. Bf4 Bg7 5. e3 O-O 6. Be2 c6 7. Ne5 Nfd7 8. Ng4
f6 9. h4 h5 10. Nh2 e5 11. dxe5 Nxe5 12. g4 hxg4 13. Nxg4 Bxg4 14. Bxg4 f5 15.
Be2 Nbd7 16. Qd2 Nb6 17. Bxe5 Bxe5 18. O-O-O Qf6 19. Rdg1 Bxc3 20. Qxc3 Qxc3
21. bxc3 Kf7 22. h5 gxh5 23. Bxh5+ Ke7 24. Rg7+ Kd6 25. Be2 f4 26. Rh6+ Kc5 27.
Rxb7 Rac8 28. Rxa7 Nc4 29. Bxc4 Kxc4 30. Ra6 Kxc3 31. Rh4 c5 32. Ra3+ Kb4 33.
Rb3+ Kc4 34. Kb2 d4 35. exd4 cxd4 36. Rh5 Rc5 37. Rxc5+ Kxc5 38. a4 Ra8 39. Ka3
Kc4 40. Rf3 Rf8 41. a5 Rf5 42. Ka4 Rb5 43. Rb3 Rxb3 44. cxb3+ Kc3 45. a6 d3 46.
a7 d2 47. a8=Q d1=Q 48. Qc6+ Kb2 49. Qf6+ Ka2 50. Qxf4 Qxb3+ 51. Ka5 Qd5+ 52.
Kb4 Qb7+ 53. Kc3 Qb2+ 54. Kd3 Qb1+ 55. Ke2 Qb5+ 56. Kf3 Qd5+ 57. Qe4 Qh5+ 58.
Ke3 Qg5+ 59. f4 Qg1+ 60. Kd3 Qb1+ 61. Kd4 Qg1+ 62. Qe3 Qg7+ 63. Qe5 Qg1+ 64.
Kd5 Qd1+ 65. Ke6 Qg4+ 66. Qf5 Qg8+ 67. Qf7 Qg4+ 68. f5 Ka3 69. Qa7+ Kb2 70.
Qb6+ Ka1 71. Qa5+ Kb1 72. Qb5+ Ka2 73. Qd5+ Kb1 74. Qb3+ Ka1 75. Qc3+ Kb1 76.
Qd3+ Ka2 77. Qd2+ Kb1 78. Kf6 Qh4+ 79. Kg6 Qg4+ 80. Qg5 Qe4 81. Kh6 Qh1+ 82.
Qh5 Qc1+ 83. Kg6 Qc2 84. Qh1+ Ka2 85. Qd5+ Ka1 86. Kf7 Qc7+ 87. Ke6 Qc8+ 88.
Ke7 Qc7+ 89. Qd7 Qe5+ 90. Kf7 Qh2 91. f6 Qh7+ 92. Ke8 Qe4+ 93. Kf8 Qb4+ 94. Kg7
Qc3 95. Qe7 Qg3+ 96. Kf7 Qb3+ 97. Kf8 Qb8+ 98. Qe8 Qb4+ 99. Kg7 Qg4+ 100. Qg6
Qd4 101. Kh8 Qd8+ 102. Kh7 Qc7+ 103. f7 Ka2 104. Qg2+ Kb3 105. Qf3+ Ka2 106.
Qd5+ Kb1 107. Qe4+ Ka2 108. Kg7 1-0

[Event "1st league of Central Serbia, V.Banja"]
[Site "?"]
[Date "2006.10.29"]
[Round "11.4"]
[White "Cvetkovic, Nemanja"]
[Black "Irizanin, Radoje"]
[Result "1-0"]
[WhiteElo "2179"]
[BlackElo "2301"]
[PlyCount "83"]
[EventDate "2006.10.30"]
[SourceDate "2006.10.30"]

1. d4 d5 2. c4 e5 3. dxe5 d4 4. Nf3 Nc6 5. g3 Be6 6. b3 Bb4+ 7. Bd2 Bc5 8. Bg2
Qd7 9. O-O f6 10. exf6 Nxf6 11. b4 Nxb4 12. Bxb4 Bxb4 13. Ne5 Qd6 14. Bxb7 Qxe5
15. Bxa8 O-O 16. Qb3 Ba5 17. Bd5 Nxd5 18. cxd5 Bxd5 19. Qb5 Bb6 20. Nd2 Qh5 21.
Qd3 Rf6 22. f3 c5 23. Rf2 Qf7 24. Rc1 h5 25. a4 Rc6 26. Nc4 Bc7 27. e4 dxe3 28.
Nxe3 Be6 29. Qe4 Rd6 30. Qa8+ Rd8 31. Qxa7 c4 32. Qc5 h4 33. f4 Bd6 34. Qd4 Be7
35. Qe4 Bc5 36. f5 Bc8 37. Nxc4 Bxf5 38. Qf4 Re8 39. Nd6 Bxd6 40. Qxd6 hxg3 41.
hxg3 Qh5 42. Qd5+ 1-0

[Event "1st league of Central Serbia, V.Banja"]
[Site "?"]
[Date "2006.10.29"]
[Round "11.5"]
[White "Mirkovic, Stevan"]
[Black "Ravic, Nenad"]
[Result "1/2-1/2"]
[WhiteElo "2214"]
[BlackElo "2151"]
[PlyCount "160"]
[EventDate "2006.10.30"]
[SourceDate "2006.10.30"]

1. Nf3 d5 2. d4 Nf6 3. c4 e6 4. Nc3 Be7 5. Bg5 h6 6. Bh4 O-O 7. e3 b6 8. Be2
Bb7 9. Bxf6 Bxf6 10. cxd5 exd5 11. O-O Qe7 12. Qb3 Rd8 13. Rad1 c6 14. Rfe1 Ba6
15. e4 Bxe2 16. Rxe2 Qb7 17. Qc2 dxe4 18. Nxe4 Be7 19. Ne5 c5 20. dxc5 Rxd1+
21. Qxd1 bxc5 22. Qa4 Qd5 23. Nc3 Qb7 24. Rd2 Bg5 25. Qe8+ Kh7 26. Re2 f6 27.
Qg6+ Kg8 28. Ng4 Nc6 29. h4 Ne7 30. Qd3 Bc1 31. Rxe7 Qxe7 32. Qd5+ Kh7 33. Qxa8
Qe1+ 34. Kh2 f5 35. Nf6+ gxf6 36. Qxa7+ Kg6 37. Qxc5 Bxb2 38. Nd5 Be5+ 39. g3
Qd2 40. Ne7+ Kh5 41. Nxf5 Qxa2 42. Qe3 Kg6 43. Qf3 Qc4 44. Ne3 Qxh4+ 45. Kg2
Qh5 46. Qd5 Kg7 47. Qd7+ Kh8 48. Nf5 Qg6 49. Ne7 Qf7 50. Qc8+ Kh7 51. Qf5+ Kg7
52. Qg4+ Kh8 53. Nf5 h5 54. Qf3 Kh7 55. Nh4 Kh6 56. Qe4 Kg7 57. Kh2 Kh8 58.
Ng6+ Kg8 59. Nh4 Bc3 60. Qf5 Kg7 61. Ng2 Be5 62. Nh4 Bc3 63. Nf3 Qa7 64. Kg2
Qf7 65. Qf4 Qb7 66. Kh2 Qa7 67. Nh4 Be5 68. Qe3 Qxe3 69. fxe3 Kh6 70. Kg2 Bc7
71. Kf3 Kg5 72. e4 Be5 73. Nf5 Bb8 74. Nd4 Be5 75. Ne6+ Kh6 76. Kg2 Kg6 77.
Nf4+ Kg5 78. Nd3 h4 79. gxh4+ Kxh4 80. Kf3 Kg5 1/2-1/2

[Event "1st league of Central Serbia, V.Banja"]
[Site "?"]
[Date "2006.10.29"]
[Round "11.6"]
[White "Jakovljevic, Zivojin"]
[Black "Radivojevic, Miladin"]
[Result "1-0"]
[WhiteElo "2127"]
[BlackElo "2180"]
[PlyCount "143"]
[EventDate "2006.10.30"]
[SourceDate "2006.10.30"]

1. d4 Nf6 2. c4 g6 3. Nc3 Bg7 4. e4 O-O 5. f3 d6 6. Be3 e5 7. dxe5 dxe5 8. Qxd8
Rxd8 9. Bg5 c6 10. Rd1 Rxd1+ 11. Kxd1 Be6 12. Bd3 Na6 13. b3 Rd8 14. Ke2 Nb4
15. Bb1 h6 16. Be3 Nh5 17. g3 b6 18. Kf2 f5 19. Nge2 f4 20. Bc1 Nd3+ 21. Bxd3
Rxd3 22. Rd1 Rxd1 23. Nxd1 fxg3+ 24. hxg3 Bf8 25. Be3 Nf6 26. Nb2 Nd7 27. Nd3
Kf7 28. Nc3 Kf6 29. Na4 h5 30. f4 Bg4 31. fxe5+ Kf7 32. c5 b5 33. Nc3 Bg7 34.
Bd4 g5 35. Nd5 a5 36. Ne3 Be6 37. Nf5 Bf8 38. Nd6+ Kg6 39. Nb7 a4 40. bxa4 bxa4
41. a3 Bc4 42. Nb4 Bb5 43. Nd6 Bxd6 44. exd6 Kf7 45. Na2 h4 46. gxh4 gxh4 47.
Nc3 Bd3 48. Kg2 Kg6 49. Kf3 Kh5 50. Nxa4 Nf8 51. Nb6 Ne6 52. Be3 Bc2 53. a4
Bd1+ 54. Kg2 Kg4 55. a5 Be2 56. d7 h3+ 57. Kh2 Nd8 58. Bd4 Kg5 59. Be5 Bf1 60.
Bc7 Ne6 61. Nc8 Kg4 62. d8=Q Nxd8 63. Bxd8 Kf4 64. Nd6 Ke5 65. Bh4 Kd4 66. Bf2+
Ke5 67. Be3 Ke6 68. Bd4 Kd7 69. Nf7 Bg2 70. Ng5 Kc7 71. e5 Bf1 72. Nxh3 1-0

[Event "1st league of Central Serbia, V.Banja"]
[Site "?"]
[Date "2006.10.29"]
[Round "11.1"]
[White "Jacimovic, Dragoljub"]
[Black "Markovic, Zoran.S"]
[Result "1/2-1/2"]
[WhiteElo "2412"]
[BlackElo "2370"]
[PlyCount "21"]
[EventDate "2006.10.30"]
[SourceDate "2006.10.30"]

1. d4 d5 2. c4 e6 3. Nc3 Nf6 4. cxd5 exd5 5. Bg5 c6 6. e3 Be7 7. Qc2 O-O 8. Bd3
Nbd7 9. Nf3 Re8 10. h3 Nf8 11. Bf4 1/2-1/2

[Event "1st league of Central Serbia, V.Banja"]
[Site "?"]
[Date "2006.10.29"]
[Round "11.4"]
[White "Jovic, Stanoje"]
[Black "Novoselski Zoran"]
[Result "1/2-1/2"]
[WhiteElo "2330"]
[BlackElo "2351"]
[PlyCount "27"]
[EventDate "2006.10.30"]
[SourceDate "2006.10.30"]

1. c4 e6 2. g3 f5 3. Bg2 Nf6 4. b3 Be7 5. Bb2 O-O 6. d3 d6 7. e4 fxe4 8. dxe4
e5 9. h3 c5 10. Nf3 Nc6 11. O-O Qe8 12. Nc3 Nd4 13. Nxd4 cxd4 14. Nd5 1/2-1/2